Statistics for 50 Most Valuable Serie A Players

Click here to take the quiz!

General Stats

  • This quiz has been taken 141 times
    (76 since last reset)
  • The average score is 40 of 50

Answer Stats

RankValue (€)TeamNationPlayer% Correct
1€80MInter MilanArgentinaLautaro Martinez
100%
4€70MLazioSerbiaSergej Milinkovic-Savic
98%
6€60MNapoliNigeriaVictor Osimhen
98%
3€70MJuventusNetherlandsMatthijs De Ligt
96%
5€65MInter MilanItalyNicolo Barella
96%
2€70MJuventusItalyFederico Chiesa
95%
8€60MInter MilanSlovakiaMilan Skriniar
95%
9€55MAC MilanIvory CoastFranck Kessie
93%
18€45MNapoliMexicoHirving Lozano
91%
16€48MNapoliSenegalKalidou Koulibaly
91%
12€50MJuventusArgentinaPaulo Dybala
91%
13€50MNapoliPolandPiotr Zielinski
91%
28€35MJuventusSwedenDejan Kulusevski
89%
10€50MFiorentinaSerbiaDusan Vlahovic
89%
11€50MAC MilanFranceTheo Hernandez
89%
7€60MInter MilanItalyAlessandro Bastoni
88%
36€33MAtalantaColombiaDuvan Zapata
88%
19€45MAS RomaItalyLorenzo Pellegrini
88%
23€40MInter MilanCroatiaMarcelo Brozovic
88%
27€38MLazioItalyCiro Immobile
86%
17€45MNapoliSpainFabian Ruiz
86%
22€40MAC MilanEnglandFikayo Tomori
86%
25€38MAC MilanAlgeriaIsmael Bennacer
86%
37€32MAC MilanCroatiaAnte Rebic
84%
33€35MSassuoloItalyDomenico Berardi
84%
15€48MNapoliItalyLorenzo Insigne
84%
31€35MAtalantaGermanyRobin Gosens
84%
38€30MJuventusUruguayRodrigo Bentancur
84%
14€50MInter MilanNetherlandsStefan De Vrij
84%
26€38MAS RomaEnglandTammy Abraham
84%
20€45MJuventusSpainAlvaro Morata
82%
24€40MLazioSpainLuis Alberto
82%
45€30MAtalantaColombiaLuis Muriel
82%
34€35MTorinoItalyAndrea Belotti
80%
44€30MInter MilanTurkeyHakan Calhanoglu
79%
21€40MAS RomaItalyNicolo Zaniolo
77%
42€30MJuventusFranceAdrien Rabiot
75%
35€33MAS RomaFranceJordan Veretout
71%
32€35MJuventusItalyManuel Locatelli
70%
39€30MAS RomaItalyGianluca Mancini
66%
41€30MAtalantaUkraineRuslan Malinovskyi
66%
48€26MAS RomaItalyLeonardo Spinazzola
64%
47€27MAC MilanItalySandro Tonali
64%
40€30MInter MilanArgentinaJoaquin Correa
63%
50€25MFiorentinaSerbiaNikola Milenkovic
61%
46€28MAtalantaTurkeyMerih Demiral
59%
30€35MJuventusBrazilArthur
54%
49€25MAS RomaBrazilRoger Ibanez
52%
29€35MJuventusItalyMoise Kean
48%
43€30MNapoliItalyMatteo Politano
43%

Score Distribution

Percentile by Number Answered

Percent of People with Each Score

Your Score History

You have not taken this quiz since the last reset